00674cam a2200217 a 450000100100000000500170001000800410002704000250006808200250009310000300011824500410014825000110018926000350020030000240023549000450025950000330030465000220033765000240035965000260038383000470040900001950920200929170035.0780306s1966 sp b 000 p spa d aDO-SdBNPbspacBNPHU a861.3bV422poe, 19661 aVega, Lope de,d1562-163510aPoesías líricas /cLope de Vega. a5a ed. aMadrid :bEspasa-Calpe,c1966. a154, [18] ;c18 cm. aAustral. Violeta: teatro y poesíav274 aIncluye índice de autores. 4aPoesía lírica 4aPoesía española 4aLiteratura española 0aAustral.pVioleta: teatro y poesía;v274